Every NBA Winner - Statistics

General Stats
  • This quiz has been taken 14 times
  • The average score is 58 of 76
Answer Stats
Year Winner % Correct
2023 Denver Nuggets
100%
2022 Golden State Warriors
100%
2008 Boston Celtics
92%
2016 Cleveland Cavaliers
92%
2011 Dallas Mavericks
92%
2018 Golden State Warriors
92%
2017 Golden State Warriors
92%
2015 Golden State Warriors
92%
2020 Los Angeles Lakers
92%
2010 Los Angeles Lakers
92%
2009 Los Angeles Lakers
92%
2013 Miami Heat
92%
2012 Miami Heat
92%
2006 Miami Heat
92%
2021 Milwaukee Bucks
92%
2014 San Antonio Spurs
92%
2007 San Antonio Spurs
92%
2005 San Antonio Spurs
92%
2019 Toronto Raptors
92%
1986 Boston Celtics
85%
1984 Boston Celtics
85%
1981 Boston Celtics
85%
1998 Chicago Bulls
85%
1997 Chicago Bulls
85%
1996 Chicago Bulls
85%
1993 Chicago Bulls
85%
1992 Chicago Bulls
85%
1991 Chicago Bulls
85%
2004 Detroit Pistons
85%
1990 Detroit Pistons
85%
1989 Detroit Pistons
85%
1995 Houston Rockets
85%
1994 Houston Rockets
85%
2002 Los Angeles Lakers
85%
2001 Los Angeles Lakers
85%
2000 Los Angeles Lakers
85%
1988 Los Angeles Lakers
85%
1987 Los Angeles Lakers
85%
1985 Los Angeles Lakers
85%
1982 Los Angeles Lakers
85%
1980 Los Angeles Lakers
85%
2003 San Antonio Spurs
85%
1999 San Antonio Spurs
85%
1983 Philadelphia 76ers
77%
1969 Boston Celtics
69%
1968 Boston Celtics
69%
1966 Boston Celtics
69%
1965 Boston Celtics
69%
1964 Boston Celtics
69%
1963 Boston Celtics
69%
1962 Boston Celtics
69%
1961 Boston Celtics
69%
1960 Boston Celtics
69%
1959 Boston Celtics
69%
1954 Los Angeles Lakers
69%
1953 Los Angeles Lakers
69%
1952 Los Angeles Lakers
69%
1950 Los Angeles Lakers
69%
1949 Los Angeles Lakers
69%
1973 New York Knicks
69%
1976 Boston Celtics
62%
1974 Boston Celtics
62%
1957 Boston Celtics
62%
1972 Los Angeles Lakers
62%
1971 Milwaukee Bucks
62%
1970 New York Knicks
62%
1967 Philadelphia 76ers
62%
1958 Atlanta Hawks
54%
1979 Oklahoma City Thunder
54%
1977 Portland Trail Blazers
54%
1951 Sacramento Kings
54%
1975 Golden State Warriors
46%
1956 Golden State Warriors
46%
1955 Philadelphia 76ers
46%
1978 Washington Wizards
31%
1948 Baltimore Bullets
23%
No matching quizzes found
Score Distribution
Percent of People with Each Score
Percentile by Number Answered
Your Score History
You have not taken this quiz